000 00542nam a2200181 i 4500
001 50290
003 ES-MaACL
005 20230906162144.0
007 t|
008 030801s1970 sp ||||1| spa d
100 1 _aCrouse, William H.
_941733
245 1 0 _aMecánica del automóvil /
_cWilliam H. Crouse ; versión Luis Ibáñez Morlán.
250 _a2ª ed.
260 _aBarcelona :
_bMarcombo,
_c[1970]
300 _aVIII, 664 p. :
_bil. ;
_c25 cm.
700 1 _aIbáñez Morlán, Luis.
_964937
852 _aES-MaACL
_jC-41771
_bR.73586
999 _c50290
_d50290